书目信息 |
| 题名: |
园林环境艺术与小品表现图
|
|
| 作者: | 王志伟 编绘 | |
| 分册: | ||
| 出版信息: | 天津 天津大学出版社 1991.10 |
|
| 页数: | 196页 | |
| 开本: | 20开 | |
| 丛书名: | ||
| 单 册: | ||
| 中图分类: | TU986.1 | |
| 科图分类: | ||
| 主题词: | 园林--规划 , 公园--绿化规划 | |
| 电子资源: | ||
| ISBN: | 7-5618-0251-X | |
| 000 | 00676nam0 2200217 450 | |
| 001 | 0853520670 | |
| 005 | 20080106145311.86 | |
| 010 | @a7-5618-0251-X@dCNY28.00 | |
| 100 | @a20080106d1991 km y0chiy0120 ea | |
| 101 | 0 | @achi |
| 102 | @aCN@b120000 | |
| 200 | 1 | @a园林环境艺术与小品表现图@Ayuan lin huan jing yi shu yu xiao pin biao xian tu@f王志伟等编绘@Fwang zhi wei deng bian hui |
| 210 | @a天津@c天津大学出版社@d1991.10 | |
| 215 | @a196页@d20开 | |
| 606 | 0 | @a园林@x规划 |
| 606 | 0 | @a公园@x绿化规划 |
| 690 | @aTU986.1@v4 | |
| 701 | 0 | @a王志伟@Awang zhi wei@4编绘 |
| 801 | 0 | @aCN@b大连网信软件有限公司图书馆@c20080106 |
| 905 | @aBZT@dTU986.1@e3 | |
| 906 | @dCNY28.00@n0@r1 | |
| 园林环境艺术与小品表现图/王志伟等编绘.-天津:天津大学出版社,1991.10 |
| 196页;20开 |
| ISBN 7-5618-0251-X:CNY28.00 |
| ● |
| 相关链接 |
|
|
|
正题名:园林环境艺术与小品表现图
索取号:TU986.1/3
 
预约/预借
| 序号 | 登录号 | 条形码 | 馆藏地/架位号 | 状态 | 备注 |
| 1 | 610375 | 2000610375 | 中心书库中库/ 中库022架A面7列5层8/ [索取号:TU986.1/3] | 在馆 | |
| 2 | 610376 | 2000610376 | 中心书库中库/ 中库022架A面7列5层11/ [索取号:TU986.1/3] | 在馆 | |
| 3 | 610377 | 2000610377 | 中心书库中库/ 中库022架A面7列5层9/ [索取号:TU986.1/3] | 在馆 | |
| 4 | 610378 | 2000610378 | 中心书库中库/ 中库022架A面7列5层12/ [索取号:TU986.1/3] | 在馆 | |
| 5 | 610379 | 2000610379 | 中心书库中库/ 中库022架A面7列5层7/ [索取号:TU986.1/3] | 在馆 | |
| 6 | 610380 | 2000610380 | 中心书库中库/ 中库022架A面7列5层13/ [索取号:TU986.1/3] | 在馆 | |
| 7 | 610381 | 2000610381 | 中心书库中库/ 中库022架A面7列5层6/ [索取号:TU986.1/3] | 在馆 | |
| 8 | 610382 | 2000610382 | 中心书库中库/ 中库022架A面7列5层10/ [索取号:TU986.1/3] | 在馆 | |
| 9 | 610383 | 2000610383 | 中心书库中库/ 中库022架A面7列5层14/ [索取号:TU986.1/3] | 在馆 | |
| 10 | 610384 | 2000610384 | 中心书库中库/ 中库023架B面2列4层41/ [索取号:TU986.1/3] | 在馆 |